000 00681nam a2200205Ia 4500
001 10694
003 GE_BSU
008 181216s||||||||xx |||||||||||||| ||und||
040 _cGE_BSU
080 _a821.353.1–1
100 _aფაცურია,მამუკა.
245 _aლექსები.
245 _cთამაზ ჩხენკელის რედაქციითა და წინასიტყვ;მხატვ.იგორ ვასილკოვსკი.
260 _aთბილისი.
260 _bკავკასია.
260 _c1992.
300 _a47გვ;16სმ.
653 _aლექსები.
942 _cBK
999 _c43945
_d43945